000
00231nam a22001217a 4500
040
_c
SY
082
_a
636
100
_a
DANA G
245
_a
Handbook of veterinary drugs
260
_a
RUA
_b
DAN
_c
NA
300
_a
339p.
942
_c
EK
999
_c
9819
_d
9819